| Tag |
First Indicator |
Second Indicator |
Subfields |
| LEADER |
00000pam a2200000 a 4500 |
| 001 |
in00000097102 |
| 005 |
20200404063206.0 |
| 008 |
810903s1982 paua b 00110 eng |
| 010 |
|
|
|a 81007090
|
| 020 |
|
|
|a 0879334053
|
| 035 |
|
|
|a (OCoLC)07795940
|
| 035 |
|
|
|9 AAK8976AM
|
| 039 |
0 |
|
|a 2
|b 3
|c 3
|d 3
|e 3
|
| 040 |
|
|
|a DLC
|c DLC
|d TXA
|d UtOrBLW
|
| 043 |
|
|
|a n-us---
|
| 049 |
|
|
|a TXAM
|c [388845]
|
| 050 |
0 |
0 |
|a HN90 C6
|b S65
|
| 082 |
0 |
|
|a 307
|2 19
|
| 100 |
1 |
|
|a Smith, Frank J.,
|d 1945-
|
| 245 |
1 |
0 |
|a Community goal setting /
|c Frank J. Smith, Randolph T. Hester, Jr.
|
| 264 |
|
1 |
|a Stroudsburg, Pa. :
|b Hutchinson Ross Pub. Co.,
|c [1982]
|
| 264 |
|
4 |
|c ©1982
|
| 300 |
|
|
|a x, 152 pages :
|b illustrations ;
|c 24 cm.
|
| 336 |
|
|
|a text
|b txt
|2 rdacontent
|
| 337 |
|
|
|a unmediated
|b n
|2 rdamedia
|
| 338 |
|
|
|a volume
|b nc
|2 rdacarrier
|
| 504 |
|
|
|a Includes bibliographical references and index.
|
| 650 |
|
0 |
|a Community development
|z United States.
|
| 650 |
|
0 |
|a Urban renewal
|z United States
|x Citizen participation.
|
| 700 |
1 |
|
|a Hester, Randolph T.,
|c Jr.,
|d 1944-
|
| 999 |
|
|
|a MARS
|
| 999 |
f |
f |
|s 710a74e6-8198-3e90-8aa4-0c37fa988070
|i e75a62ae-f1eb-308f-96f6-2bc7a46322f8
|t 0
|
| 952 |
f |
f |
|p ric
|a Texas A&M University
|b Rellis Campus
|c Joint Library Facility
|d Remote Storage
|t 0
|e HN90 C6 S65
|h Library of Congress classification
|i unmediated -- volume
|m A14806040445
|
| 998 |
f |
f |
|a HN90 C6 S65
|t 0
|l Remote Storage
|